|
|
|
|
| LEADER |
00857nam a22002532a 4500 |
| 001 |
000906739 |
| 003 |
CZ BrMZK |
| 005 |
20080727082019.0 |
| 007 |
ta |
| 008 |
080727s1977 gw er|||||||||||ger d |
| 040 |
|
|
|a ABA001
|b cze
|c ABA001
|d ABA001
|
| 041 |
1 |
|
|a ger
|h cze
|
| 100 |
1 |
|
|a Erben, Václav,
|d 1930-2003
|7 jk01030537
|4 aut
|
| 245 |
1 |
4 |
|a Der einsame tote Mann /
|c Václav Erben ; aus dem Tschechischen von Gustav Just
|
| 250 |
|
|
|a 1. Auflage
|
| 260 |
|
|
|a Berlin :
|b Neue Berlin,
|c 1977
|
| 300 |
|
|
|a 260, [2] s. ;
|c 8°
|
| 490 |
1 |
|
|a Kriminalroman. Delikte, Indizien, Ermittlungen
|
| 765 |
0 |
|
|t Osamělý mrtvý muž
|9 Německy
|
| 830 |
|
0 |
|a Kriminalroman.
|p Delikte, Indizien, Ermittlungen
|
| 910 |
|
|
|a BOA001
|b 1-0786.465
|
| 990 |
|
|
|a BK
|
| 991 |
|
|
|b 200807
|
| 996 |
7 |
|
|b 2619555118
|c 1-0786.465
|l MZK
|r Sklad / do 1 hodiny
|n 0
|w 001070637
|u 000010
|a 1
|e BOA001
|j MZK50
|s A
|